ბათუმის შოთა რუსთაველის სახელმწიფო უნივერსიტეტის ბიბლიოთეკა

Сваи и свайные фундаменты. (ბიბ.ჩანაწერი № 47826)

000 -LEADER
fixed length control field 00682nam a2200229Ia 4500
001 - CONTROL NUMBER
control field 14700
003 - CONTROL NUMBER IDENTIFIER
control field GE_BSU
008 - FIXED-LENGTH DATA ELEMENTS--GENERAL INFORMATION
fixed length control field 181216s||||||||xx |||||||||||||| ||und||
040 ## - CATALOGING SOURCE
Transcribing agency GE_BSU
080 ## - UNIVERSAL DECIMAL CLASSIFICATION NUMBER
Universal Decimal Classification number 624.154(035.5)
100 ## - MAIN ENTRY--PERSONAL NAME
Personal name Метелюк,Н.С. Шишко,Г.Ф. и др.
245 ## - TITLE STATEMENT
Title Сваи и свайные фундаменты.
245 ## - TITLE STATEMENT
Remainder of title Справочное пособие.
245 ## - TITLE STATEMENT
Statement of responsibility, etc. Ред. Н.И.Кубанова, О.И.Рожок.
260 ## - PUBLICATION, DISTRIBUTION, ETC.
Place of publication, distribution, etc. Киев.
260 ## - PUBLICATION, DISTRIBUTION, ETC.
Name of publisher, distributor, etc. Будiвельник.
260 ## - PUBLICATION, DISTRIBUTION, ETC.
Date of publication, distribution, etc. 1977.
300 ## - PHYSICAL DESCRIPTION
Extent 256 стр. 22 см.
300 ## - PHYSICAL DESCRIPTION
Accompanying material Табл.
653 ## - INDEX TERM--UNCONTROLLED
Uncontrolled term Сваи и свайные фундаменты.
942 ## - ADDED ENTRY ELEMENTS (KOHA)
Koha item type წიგნი
ეგზემპლარები
Withdrawn status Lost status Damaged status Not for loan Date acquired Barcode Date last seen Price effective from Koha item type
        2018-12-17 10000 2018-12-17 2018-12-17 წიგნი